Online Catalogue and eLibrary

Dynamics of rural transformation : (Record no. 2734)

MARC details
000 -LEADER
fixed length control field 00257nam a2200097Ia 4500
008 - FIXED-LENGTH DATA ELEMENTS--GENERAL INFORMATION
fixed length control field 240331s9999 xx 000 0 und d
082 ## - DDC Classification
Item Number - Author Mark KUR
100 ## - MAIN ENTRY--PERSONAL NAME
Personal name Kurien, C.T
245 #0 - TITLE STATEMENT
Title Dynamics of rural transformation :
Remainder of title a study of Tamil Nadu 1950-19810
942 ## - Koha item type (Biblio)
Koha item type Books in Stacks (Lending)
Holdings
Lost status Damaged status Collection code Home library Current library Shelving location Date acquired Full call number Accession Number Item type
    Lending WERC Library WERC Library Social Science Cupboard 03/31/2024 333.09 KUR 598 Books in Stacks (Lending)

© WERC Library